Ligne 14 du Métro de Paris - Statistiques

Statistiques générales
  • Ce quiz a été pris 87 fois
  • Le résultat moyen est 14 sur 21
Statistiques - réponses
Réponse Hint % Correct
Châtelet M1 4 7 11 / RER A B D
91%
Gare de Lyon M1 / RER A D / Transilien R
91%
Bercy M6
83%
Madeleine M8 12
83%
Pyramides M7
83%
Saint-Lazare M3 9 12 13 / RER E / Transilien J L
83%
Aéroport d’Orly T7 / Orlyval
78%
Bibliothèque François Mitterrand RER C / T3a
76%
Saint-Ouen RER C
74%
Mairie de Saint-Ouen (Région Île de France) M13
70%
Olympiades
70%
Cour Saint-Émilion
67%
Pont Cardinet Transilien L
63%
Maison Blanche M7 / T3a
61%
Saint-Denis—Pleyel M13 15 16 17 / RER D
61%
Thiais—Orly (Pont de Rungis) RER C
61%
Porte de Clichy (Tribunal de Paris) M13 / RER C / T3b
59%
L’Haÿ-les-Roses
43%
Villejuif—Gustave Roussy
43%
Chevilly-Larue (Marché International) T7 / Tvm
41%
Hôpital Bicêtre
41%
Aucun quiz correspondant
Distribution des résultats
% des personnes avec chaque résultat
Percentile par nombre de réponses
Votre historique - résultats
Vous n’avez pas pris ce quiz